| 000 | 00995nam0a22002411 4500 | ||
|---|---|---|---|
| 001 | rc\3781714 | ||
| 005 | 20250530045505.0 | ||
| 035 | _a(NLR Aleph) 007231420 | ||
| 090 |
_a7728495 _c7728495 |
||
| 100 | _a20120207d1975 |||y0rusy50 ca | ||
| 101 | 0 | _arus | |
| 102 | _aRU | ||
| 105 | _aa z ||||| | ||
| 200 | 1 |
_aДеятельность Коммунистической партии по укреплению советских вооруженных сил в межвоенный период (1921 - июнь 1941 гг.) _eЛекция _eАкад. курс _fФилиал ПВО СВ Воен. арт. акад. им. М.И. Калинина |
|
| 210 |
_aБ. м. _cБ. и. _d1975 |
||
| 215 |
_a76 с. _cсхем. _d20 |
||
| 300 | _aПеред загл. авт.: к. ист. н. А.П. Кутузов | ||
| 700 | 1 |
_aКутузов _bА.П. _gАлександр Петрович |
|
| 801 | 0 |
_aRU _bNLR _gpsbo |
|
| 801 | 1 |
_aRU _bELAR _2rusmarc |
|
| 852 |
_aNLR _j75-50К/7125 |
||
| 942 | _cBOOK | ||
| 980 | _aNB | ||